000 00483nam a2200157 a 4500
008 120416s2002 xx |||||||||||||| || u
050 _aK 52 Lew
100 _aLewis, David
245 1 0 _aEssentials of employment law
250 _a7th Ed.
260 _c2002
350 _a0.00
650 _aEMPLOYMENT LAW
650 _aLAW
995 _D0.00
_FCBU-MAIN LIBRARY (Kitwe)
_H1
_I37.50
_M1
_UAVAILABLE
_ZMain Library Open Access Collection
999 _c42430
_d42430